Politika trhu práce a dlhodobá nezamestnanosť

Podstata trhu práce Slovenskej republiky. Pasívna politika zamestnanosti. Zníženie výšky a skrátenie doby vyplácania príspevkov v nezamestnanosti. Aktívna politika zamestnanosti v r. 1991-1994. Dlhodobá nezamestnanosť. Perspektívy politiky zamestnanosti.

Enregistré dans:
Détails bibliographiques
Auteur principal: Homola, A.
Format: Chapitre de livre
Langue:slovaque
Sujets:
Tags: Ajouter un tag
Pas de tags, Soyez le premier à ajouter un tag!

MARC

LEADER 00000naa a2200000 4500
001 r017323
005 20221205102749.2
041 0 |a slo 
044 |a SK 
245 1 0 |a Politika trhu práce a dlhodobá nezamestnanosť  |c A. Homola 
520 |a Podstata trhu práce Slovenskej republiky. Pasívna politika zamestnanosti. Zníženie výšky a skrátenie doby vyplácania príspevkov v nezamestnanosti. Aktívna politika zamestnanosti v r. 1991-1994. Dlhodobá nezamestnanosť. Perspektívy politiky zamestnanosti. 
610 2 0 |a zamestnanosť 
610 2 0 |a nezamestnanosť 
610 2 0 |a trh práce 
610 2 0 |a Slovensko 
610 2 0 |a 1991-1994 
610 2 0 |a príspevky sociálne 
610 2 0 |a politika zamestnanosti 
100 1 |a Homola, A.